Dinosaurs and birds / (Record no. 9634)
[ view plain ]
| 000 -LEADER | |
|---|---|
| fixed length control field | 01284cam a2200361 a 4500 |
| 001 - CONTROL NUMBER | |
| JCCL Control Number | 9634 |
| 003 - CONTROL NUMBER IDENTIFIER | |
| JCCL marc code | BD - JhCC |
| 005 - DATE AND TIME OF LATEST TRANSACTION | |
| control field | 20180321130505.0 |
| 008 - FIXED-LENGTH DATA ELEMENTS--GENERAL INFORMATION | |
| fixed length control field | 180321s1987 nyua j 000 0 eng |
| 020 ## - INTERNATIONAL STANDARD BOOK NUMBER | |
| International Standard Book Number | 0816015597 |
| 035 ## - SYSTEM CONTROL NUMBER | |
| system control number | (BD-JhCC)9634 |
| 040 ## - CATALOGING SOURCE | |
| Original cataloging agency | DLC |
| Transcribing agency | DLC |
| Modifying agency | DLC |
| -- | BD - JhCC |
| 041 1# - LANGUAGE CODE | |
| Language code of Book | engita |
| 050 00 - LIBRARY OF CONGRESS CALL NUMBER | |
| Classification number | QH367.1 |
| Item number | .M5613 1987 |
| 082 00 - DEWEY DECIMAL CLASSIFICATION NUMBER | |
| Classification number | 598.2/38 |
| DDC Edition number | 19 |
| Author mark and Year | MIN 1987 |
| 100 1# - MAIN ENTRY--PERSONAL NAME | |
| Personal name | Minelli, G. |
| 245 10 - TITLE STATEMENT | |
| Title | Dinosaurs and birds / |
| Statement of responsibility, etc | Giuseppe Minelli ; illustrated by the Lorenzo Orlandi Studio ; translated by Margaret Meringer. |
| 260 ## - PUBLICATION, DISTRIBUTION, ETC. (IMPRINT) | |
| Place of publication, distribution, etc | New York: |
| Name of publisher, distributor, etc | Facts on File Publications, |
| Date of publication, distribution, etc | c1987. |
| 300 ## - PHYSICAL DESCRIPTION | |
| Pagination | 57 p. : |
| Other physical details | col. ill. ; |
| Dimensions | 31 cm. |
| 490 1# - SERIES STATEMENT | |
| Series statement | The History of life on earth |
| 500 ## - GENERAL NOTE | |
| General note | Translation of: Dinosauri e uccelli. |
| 500 ## - GENERAL NOTE | |
| General note | Illustrations on lining papers. |
| 520 ## - SUMMARY, ETC. | |
| Summary, etc | Discusses evolution theories relating dinosaurs and birds; describes various kinds of dinosaurs; and presents an overview of birds existing today. |
| 650 #0 - SUBJECT ADDED ENTRY--TOPICAL TERM | |
| Topical term or geographic name as entry element | Evolution (Biology) |
| General subdivision | Juvenile literature. |
| 650 #0 - SUBJECT ADDED ENTRY--TOPICAL TERM | |
| Topical term or geographic name as entry element | Vertebrates |
| General subdivision | Evolution |
| -- | Juvenile literature. |
| 650 #0 - SUBJECT ADDED ENTRY--TOPICAL TERM | |
| Topical term or geographic name as entry element | Paleontology |
| General subdivision | Juvenile literature. |
| 650 #1 - SUBJECT ADDED ENTRY--TOPICAL TERM | |
| Topical term or geographic name as entry element | Evolution. |
| 650 #1 - SUBJECT ADDED ENTRY--TOPICAL TERM | |
| Topical term or geographic name as entry element | Dinosaurs. |
| 650 #1 - SUBJECT ADDED ENTRY--TOPICAL TERM | |
| Topical term or geographic name as entry element | Birds. |
| 700 1# - ADDED ENTRY--PERSONAL NAME | |
| Personal name | Orlandi, Lorenzo, |
| 942 ## - ADDED ENTRY ELEMENTS (KOHA) | |
| Source of classification or shelving scheme | Dewey Decimal Classification |
| Koha item type | Books |
| Source of classification or shelving scheme | Damaged status | Not for loan | Home library | Current library | Shelving location | Total Checkouts | Full call number | Barcode | Date last seen | Copy number | Koha item type |
|---|---|---|---|---|---|---|---|---|---|---|---|
| Dewey Decimal Classification | JCC Rouf Library | JCC Rouf Library | General Stacks | 598.2/38 MIN 1987 | 12855 | 03/21/2018 | C - 1 | Books |